Vista normal Vista MARC

Entrada Personal Name

Número de registros utilizados en: 1

001 - CONTROL NUMBER

  • control field: 41827

003 - CONTROL NUMBER IDENTIFIER

  • control field: OSt

005 - DATE AND TIME OF LATEST TRANSACTION

  • control field: 20220104121131.0

008 - FIXED-LENGTH DATA ELEMENTS

  • fixed length control field: 220104|| aca||aabn | a|a d

040 ## - CATALOGING SOURCE

  • Original cataloging agency: OSt
  • Transcribing agency: OSt

100 ## - HEADING--PERSONAL NAME

  • Personal name: Darnell, Pedro

670 ## - SOURCE DATA FOUND

  • Source citation: Work cat.: (OSt)8737: Goulet, Denis, 18140 autor, Ética del desarrollo / , 1965.